Mikrobiologická kontrola v pivovarech
Saved in:
| Main Author: | |
|---|---|
| Format: | Book |
| Language: | Czech |
| Published: |
Praha
Státní nakladatelství technické literatury
1980
|
| Tags: |
No Tags, Be the first to tag this record!
|
MARC
| LEADER | 00000nam a2200000 4500 | ||
|---|---|---|---|
| 001 | c140813 | ||
| 005 | 20041019155320.1 | ||
| 041 | 0 | |a cze | |
| 044 | |a CZ | ||
| 245 | 1 | 0 | |a Mikrobiologická kontrola v pivovarech |c Jan Šavel |
| 264 | 1 | |a Praha |b Státní nakladatelství technické literatury |c 1980 | |
| 300 | |a 180 s. | ||
| 100 | 1 | |a Šavel, Jan | |